000 00691nam a2200229Ia 4500
001 9582
003 GE_BSU
008 181216s||||||||xx |||||||||||||| ||und||
040 _cGE_BSU
080 _a821.353.1–1
100 _aმჟავია,ქსენია
245 _aთეთრი აპრილი
245 _bლექსები
245 _cრედ.შ.ზოიძე, მხატვ.ლ.სეიდიშვილი
260 _aბათუმი
260 _bსაბჭოთა აჭარა
260 _c1972
300 _a54გვ.17სმ.
653 _aთეთრი აპრილი
653 _aლექსები
942 _cBK
999 _c42874
_d42874